000 00807nam a22002537a 4500
001 BR8305104
003 BR-BrBNA
005 20230928091751.0
007 ta
008 230509b bl.||||| |||| 00| 0 por d
040 _aBR-BrBNA
_bpor
_cBiblioteca Nacional de Agricultura
041 _a(Por)
072 _aE30
_b/G514
090 _ E30 BR8305104
110 1 _aMinisterio da Agricultura, Brasilia, DF (Brasil). Secretaria de Acompanhamento e Avaliacao
_96822
245 1 _aSintese dos programas e projetos executados pelo Ministerio da Agricultura. Documento preliminar [Brasil]
260 3 _aBrasilia, DF (Brasil):
_c1983.
300 _a37 p.
500 _aNumerical data
650 _aAGRICULTURA
650 _aPROJETO DE DESENVOLVIMENTO
909 _a202309
_bLucia
_c55
_dLucia Elande
942 _cBK
999 _c35420
_d35420